[Event "Team women chess final 2018"]
[Site "Sochi"]
[Date "2018.05.07"]
[Round "6.4"]
[White "Baiburina, Kamilla"]
[Black "Nasybullina, Dayana"]
[Result "1/2-1/2"]
[WhiteElo "1860"]
[BlackElo "1801"]
[PlyCount "149"]
[EventDate "2018.05.01"]
[WhiteTeam "Команда СК "]

1. e4 e6 2. d4 d5 3. exd5 exd5 4. Nf3 Nf6 5. c4 Bb4+ 6. Nc3 O-O 7. Be2 dxc4 8.
Bxc4 Re8+ 9. Ne5 Nd5 10. O-O Be6 11. Nxd5 Bxd5 12. Bxd5 Qxd5 13. Qa4 Rxe5 14.
dxe5 Nc6 15. a3 Bc5 16. Bf4 Nd4 17. Kh1 b5 18. Qd1 Qe4 19. Bg3 Rd8 20. Re1 Qf5
21. Rc1 Bb6 22. b4 h5 23. h3 Qg5 24. h4 Qf5 25. Qd2 Ne6 26. Qe2 Rd3 27. Qc2 Nd4
28. Qa2 Qe6 29. Qxe6 fxe6 30. f3 Nf5 31. Kh2 Rxa3 32. Red1 Kh7 33. Be1 Ne3 34.
Rd8 Ra2 35. Bd2 Nc4 36. Bc3 c5 37. Re8 cxb4 38. Bxb4 Nxe5 39. Rc3 a5 40. Bd6 b4
41. Rb3 Nc4 42. Bf8 Bc7+ 43. Kh3 Ra1 44. g3 Be5 45. Rxe6 Bc3 46. Re7 Kg8 47.
Re8 Kf7 48. Ra8 Nd2 49. Bxb4 axb4 50. Rxa1 Nxb3 51. Ra7+ Kg6 52. g4 Nd2 53.
Ra6+ Kh7 54. Rc6 Nxf3 55. gxh5 Bd4 56. h6 gxh6 57. Rc7+ Kg6 58. Rb7 Bc3 59.
Rb6+ Kg7 60. Rb7+ Kf8 61. Kg4 Nd4 62. Kh5 Bd2 63. Kg6 b3 64. Kf6 Ke8 65. Ke5
Bc3 66. Kd5 Ba1 67. Kc4 Nc6 68. Rxb3 Na5+ 69. Kb4 Nxb3 70. Kxb3 Ke7 71. Kc2 Kf6
72. Kd2 Kf5 73. Ke2 Kg4 74. Kf2 Kh3 75. Kg1 1/2-1/2

[Event "Team women chess final 2018"]
[Site "Sochi"]
[Date "2018.05.08"]
[Round "7.1"]
[White "Pogorelskikh, Sofia"]
[Black "Bivol, Alina"]
[Result "0-1"]
[WhiteElo "2053"]
[BlackElo "2327"]
[PlyCount "132"]
[EventDate "2018.05.01"]

1. e4 e6 2. d4 d5 3. Nc3 Nf6 4. Bg5 Be7 5. e5 Nfd7 6. Bxe7 Qxe7 7. f4 a6 8. Nf3
c5 9. Qd2 Nc6 10. dxc5 Nxc5 11. a3 b5 12. b4 Nd7 13. Bd3 Nb6 14. O-O Bd7 15.
Qf2 Qd8 16. Qg3 g6 17. Nd1 Na4 18. Kh1 Qc7 19. Qf2 O-O-O 20. Nd4 Nxd4 21. Qxd4
Kb7 22. Nb2 Nxb2 23. Qxb2 Ra8 24. a4 Rhc8 25. Ra3 Qd8 26. Rfa1 bxa4 27. c3 Qb6
28. Bc2 Qf2 29. Qc1 Rc4 30. Bxa4 Bxa4 31. Rxa4 Re4 32. b5 Rxa4 33. Rxa4 a5 34.
h3 Qc5 35. c4 Rc8 36. Qc3 Qxb5 37. Rxa5 Qb1+ 38. Kh2 Rxc4 39. Qa3 Qb6 40. Ra4
Rxa4 41. Qxa4 Qd8 42. Qb5+ Kc7 43. Kh1 Qb8 44. Qc5+ Kd7 45. Kh2 Qc8 46. Qd6+
Ke8 47. Qb4 Qd8 48. Qd4 Kf8 49. Kg3 Kg7 50. h4 h6 51. Kh3 Qa5 52. h5 Qa3+ 53.
Kh2 Qb3 54. Qf2 Qd3 55. hxg6 Qxg6 56. Qh4 Qf5 57. Qg3+ Kh7 58. Qf2 Qe4 59. g3
d4 60. Qa2 d3 61. Qa7 Kg7 62. Qe7 Qe2+ 63. Kh3 Qh5+ 64. Kg2 d2 65. Qf6+ Kh7 66.
g4 Qxg4+ 0-1

[Event "Team women chess final 2018"]
[Site "Sochi"]
[Date "2018.05.08"]
[Round "7.2"]
[White "Lysenko, Margarita"]
[Black "Gutkovich, Polina"]
[Result "1/2-1/2"]
[WhiteElo "2220"]
[BlackElo "2057"]
[PlyCount "82"]
[EventDate "2018.05.01"]

1. d4 d5 2. c4 c6 3. Nc3 Nf6 4. e3 e6 5. Nf3 Nbd7 6. Bd3 dxc4 7. Bxc4 b5 8. Bd3
Bb7 9. e4 b4 10. Na4 c5 11. e5 Nd5 12. O-O cxd4 13. Nxd4 Nxe5 14. Bb5+ Nd7 15.
Qh5 N5f6 16. Nxe6 Nxh5 17. Nxd8 Rxd8 18. Re1+ Be7 19. Nc5 Bc8 20. Bg5 Nhf6 21.
Rad1 a6 22. Ba4 h6 23. Bxf6 gxf6 24. Nxd7 Bxd7 25. Rxd7 Rxd7 26. Rd1 O-O 27.
Rxd7 Re8 28. g3 Kf8 29. Ra7 Rd8 30. Rxa6 Rd2 31. Rc6 Rxb2 32. Bb3 Rd2 33. Rc2
Rxc2 34. Bxc2 Bc5 35. Kg2 Ke7 36. f4 Bb6 37. Kf3 Bc5 38. h3 Bg1 39. Ke4 Bf2 40.
g4 Be1 41. Kd5 Bd2 1/2-1/2

[Event "Team women chess final 2018"]
[Site "Sochi"]
[Date "2018.05.08"]
[Round "7.3"]
[White "Makarova, Darya"]
[Black "Kryukova, Irina"]
[Result "0-1"]
[WhiteElo "1892"]
[BlackElo "2261"]
[PlyCount "120"]
[EventDate "2018.05.01"]

1. d4 Nf6 2. Nf3 e6 3. e3 c5 4. b3 b6 5. Bd3 Bb7 6. Bb2 Be7 7. Nbd2 cxd4 8.
exd4 O-O 9. O-O d6 10. c4 Nbd7 11. Re1 Re8 12. Qc2 Bf8 13. Ng5 g6 14. Nde4 Nxe4
15. Nxe4 Rc8 16. Qd2 d5 17. Nc3 Nf6 18. cxd5 Nxd5 19. Nxd5 exd5 20. Rxe8 Qxe8
21. a4 a5 22. Bb5 Qe4 23. Rc1 Bb4 24. Qe3 Qxe3 25. fxe3 Rxc1+ 26. Bxc1 Kf8 27.
Kf2 Ke7 28. Kf3 h5 29. h3 Ke6 30. Bd3 f5 31. Kf4 Be7 32. Bd2 g5+ 33. Kf3 h4 34.
g4 hxg3 35. Kxg3 Bd6+ 36. Kf3 Kf6 37. Bb5 Bc8 38. Bd3 Be6 39. Bb5 Bf7 40. Bc6
Bh5+ 41. Kg2 Ke6 42. Be1 Bd1 43. h4 Be7 44. Bg3 gxh4 45. Bc7 Bg4 46. Bb5 Bg5
47. Bf4 Bxf4 48. exf4 Kd6 49. Kh2 Bd1 50. Kh3 Bxb3 51. Kxh4 Bc4 52. Be8 b5 53.
Kg5 b4 54. Bh5 b3 55. Bd1 b2 56. Bc2 Ba2 57. Bxf5 b1=Q 58. Bxb1 Bxb1 59. Kf6
Bc2 60. f5 Bxa4 0-1

[Event "Team women chess final 2018"]
[Site "Sochi"]
[Date "2018.05.08"]
[Round "7.4"]
[White "Selifonova, Aleksandra"]
[Black "Kalashnikova, Elena"]
[Result "1/2-1/2"]
[WhiteElo "1890"]
[BlackElo "1785"]
[PlyCount "136"]
[EventDate "2018.05.01"]

1. e4 d5 2. exd5 Qxd5 3. d4 Nc6 4. Nf3 e5 5. Be3 Bg4 6. c4 Bb4+ 7. Nc3 Qa5 8.
d5 Bxf3 9. gxf3 Nce7 10. Bd2 Qb6 11. Qe2 Ng6 12. f4 Qf6 13. fxe5 Qxe5 14. a3
Bc5 15. Nb5 O-O-O 16. Qxe5 Nxe5 17. Bf4 Re8 18. O-O-O a6 19. Nd4 Bxd4 20. Rxd4
Nf6 21. Bh3+ Kb8 22. c5 Nf3 23. Rd3 Ne5 24. Rdd1 Ne4 25. Be3 h5 26. d6 Ng4 27.
dxc7+ Kxc7 28. Bf4+ Kc8 29. Rhf1 g5 30. Bd6 Nxd6 31. cxd6 Kb8 32. Rd5 Re5 33.
Rxe5 Nxe5 34. Bf5 g4 35. h3 gxh3 36. Bxh3 Rd8 37. Rd1 Nc4 38. d7 Nb6 39. Rd6
Kc7 40. Rf6 Nxd7 41. Rxf7 Kd6 42. Rh7 Ne5 43. Rxh5 Nd3+ 44. Kc2 Nxf2 45. Bg2
Rc8+ 46. Kd2 Rc7 47. Bf3 Re7 48. Rd5+ Kc7 49. Rd4 Nh3 50. b4 Ng5 51. Bg2 Nf7
52. a4 Nd6 53. Rg4 Rf7 54. Ke3 Re7+ 55. Kd3 Nf5 56. Rc4+ Kb8 57. Rc5 Nd6 58.
Kd4 Rc7 59. Rxc7 Kxc7 60. Bf1 Nf5+ 61. Ke5 Ne7 62. Kd4 Nc6+ 63. Kc3 Ne5 64. a5
Nd7 65. Kd4 Nb8 66. Kc5 Nd7+ 67. Kd5 Nb8 68. Bh3 b6 1/2-1/2

[Event "Team women chess final 2018"]
[Site "Sochi"]
[Date "2018.05.08"]
[Round "7.1"]
[White "Ambartsumova, Karina"]
[Black "Yakimenko, Viktoria"]
[Result "1/2-1/2"]
[WhiteElo "2375"]
[BlackElo "2048"]
[PlyCount "111"]
[EventDate "2018.05.01"]
[BlackTeam "Аудиторская компания "]

1. d4 f5 2. Bf4 Nf6 3. e3 e6 4. Be2 Be7 5. c4 d6 6. Nc3 Nbd7 7. Bg3 c6 8. Nh3
Nf8 9. O-O Ng6 10. b4 O-O 11. Qb3 Kh8 12. Rad1 Qe8 13. c5 d5 14. Ng5 h6 15. Nf3
Nd7 16. Qc2 Qf7 17. Bd3 Qf6 18. Ne2 e5 19. dxe5 Ndxe5 20. Nxe5 Nxe5 21. Nf4
Nxd3 22. Nxd3 Qe6 23. Be5 Kh7 24. Qc3 Rg8 25. f4 b6 26. Rf2 Ba6 27. Ne1 Bc4 28.
Bd4 a5 29. a3 axb4 30. axb4 bxc5 31. bxc5 Bh4 32. Rb2 Bxe1 33. Rxe1 Ra7 34.
Rbb1 Qe4 35. Ra1 Rb7 36. Qd2 g5 37. g3 Kg6 38. Bc3 g4 39. Qd4 Qe6 40. Reb1 Bb5
41. Qe5 Qxe5 42. Bxe5 Re8 43. Rb2 h5 44. Rba2 Kf7 45. Ra7 Rxa7 46. Rxa7+ Re7
47. Ra8 Re8 48. Ra3 Bc4 49. Kf2 Re7 50. Ke1 Rb7 51. Ra1 Ke6 52. Kd2 h4 53. gxh4
Rh7 54. Ra8 Rxh4 55. Rh8 Rxh8 56. Bxh8 1/2-1/2

[Event "Team women chess final 2018"]
[Site "Sochi"]
[Date "2018.05.08"]
[Round "7.2"]
[White "Porozhnyak, Maya"]
[Black "Nebolsina, Vera"]
[Result "0-1"]
[WhiteElo "2021"]
[BlackElo "2218"]
[PlyCount "74"]
[EventDate "2018.05.01"]
[WhiteTeam "Аудиторская компания "]

1. e4 e5 2. Nf3 Nf6 3. Bd3 Nc6 4. c3 d5 5. Bb5 dxe4 6. Nxe5 Qd5 7. Qa4 Qxe5 8.
Bxc6+ Bd7 9. Bxd7+ Nxd7 10. b4 c6 11. Na3 Qd5 12. c4 Qd3 13. Rb1 Ne5 14. Rb3
Qd7 15. O-O Bd6 16. Re1 O-O 17. Rxe4 Rae8 18. Rbe3 f5 19. Rd4 Ng4 20. Nc2 Bxh2+
21. Kf1 Nxe3+ 22. dxe3 Qf7 23. Rh4 Be5 24. Qb3 Rd8 25. Ne1 g5 26. Rh3 g4 27.
Rh4 Bf6 28. Rh1 b5 29. Ke2 bxc4 30. Qa4 Rd6 31. g3 Rfd8 32. e4 Qe6 33. Qc2 Rd3
34. e5 Qxe5+ 35. Be3 Rd2+ 36. Qxd2 Rxd2+ 37. Kxd2 Qd5+ 0-1

[Event "Team women chess final 2018"]
[Site "Sochi"]
[Date "2018.05.08"]
[Round "7.3"]
[White "Markelova, Lubov"]
[Black "Yakimenko, Anastasia"]
[Result "1-0"]
[WhiteElo "2127"]
[BlackElo "2013"]
[PlyCount "75"]
[EventDate "2018.05.01"]
[BlackTeam "Аудиторская компания "]

1. Nf3 Nf6 2. c4 g6 3. Nc3 c5 4. e4 Bg7 5. d4 cxd4 6. Nxd4 d6 7. Be2 Nc6 8. Be3
O-O 9. O-O a6 10. f3 Qb6 11. Na4 Qc7 12. Rc1 Bd7 13. c5 Ne8 14. Nb6 Rd8 15. Nd5
Qa5 16. Nxc6 Bxc6 17. Nxe7+ Kh8 18. Nxc6 bxc6 19. Qb3 d5 20. exd5 Rxd5 21. Bc4
Rh5 22. Qb6 Qxb6 23. cxb6 Bxb2 24. Rc2 Be5 25. g4 Rh3 26. Bc5 Bd6 27. Bxd6 Nxd6
28. Bxa6 g5 29. Rxc6 Rh6 30. Rd1 Rd8 31. b7 Kg7 32. Rdxd6 Rhxd6 33. Rxd6 Rxd6
34. b8=Q Rxa6 35. Qe5+ Kh6 36. a4 f5 37. Qxf5 Rg6 38. Qxg6+ 1-0

[Event "Team women chess final 2018"]
[Site "Sochi"]
[Date "2018.05.08"]
[Round "7.4"]
[White "Sergeeva, Natalia"]
[Black "Bulatova, Kamaliya"]
[Result "1/2-1/2"]
[WhiteElo "1985"]
[BlackElo "2121"]
[PlyCount "107"]
[EventDate "2018.05.01"]
[WhiteTeam "Аудиторская компания "]

1. e4 c5 2. Nf3 d6 3. d4 cxd4 4. Nxd4 Nf6 5. Nc3 a6 6. Bg5 Nbd7 7. f4 Qc7 8.
Be2 e5 9. fxe5 dxe5 10. Nf5 h6 11. Be3 Nc5 12. Ng3 b5 13. a3 Bb7 14. Bf3 Ne6
15. Nh5 Nxh5 16. Bxh5 Bc5 17. Bxc5 Qxc5 18. Qf3 O-O 19. Qf2 Qxf2+ 20. Kxf2 Nd4
21. Bd1 f5 22. Re1 fxe4+ 23. Kg1 Rac8 24. Rc1 Rc7 25. Bh5 Rf5 26. Bg6 Rg5 27.
Bxe4 Bxe4 28. Rxe4 a5 29. h3 Rc5 30. Rxd4 exd4 31. Ne4 d3 32. Nxc5 Rxc5 33. c3
Re5 34. Rd1 Re2 35. Rxd3 Rxb2 36. c4 bxc4 37. Rc3 Rb3 38. Rxc4 Rxa3 39. Rc8+
Kf7 40. Ra8 Ra2 41. Ra6 a4 42. Kh2 a3 43. Kg3 Ra1 44. h4 g6 45. h5 gxh5 46.
Rxh6 a2 47. Ra6 h4+ 48. Kh2 Ke7 49. Ra8 Kd6 50. Ra7 Kc6 51. Ra8 Kb5 52. Ra7 Kb4
53. Rb7+ Kc3 54. Rc7+ 1/2-1/2

[Event "Team women chess final 2018"]
[Site "Sochi"]
[Date "2018.05.08"]
[Round "7.1"]
[White "Sazonova, Anastasia"]
[Black "Simakova, Elena"]
[Result "1/2-1/2"]
[WhiteElo "2178"]
[BlackElo "1948"]
[PlyCount "83"]
[EventDate "2018.05.01"]

1. d4 Nf6 2. Nf3 c5 3. dxc5 e6 4. a3 Bxc5 5. b4 Be7 6. Bb2 d5 7. e3 O-O 8. Nbd2
a6 9. c4 dxc4 10. Bxc4 b5 11. Be2 Bb7 12. O-O Nbd7 13. Rc1 Rc8 14. Rxc8 Qxc8
15. Qc1 Nb6 16. Qxc8 Rxc8 17. Rc1 Rxc1+ 18. Bxc1 Nfd5 19. Bb2 Na4 20. Ba1 Ndc3
21. Bd3 Bf6 22. Kf1 Kf8 23. Ke1 Ke7 24. Bc2 Bd5 25. Nb1 Nxb1 26. Bxf6+ Kxf6 27.
Bxb1 Nc3 28. Bc2 h6 29. Kd2 Ne4+ 30. Ke2 e5 31. Ne1 Bc4+ 32. Nd3 Nd6 33. Kd2
Nb7 34. Nb2 Bf1 35. g3 a5 36. bxa5 Nxa5 37. Bd3 Bxd3 38. Kxd3 Ke6 39. e4 Kd6
40. Kc3 Nc6 41. Nd3 f6 42. h4 1/2-1/2

[Event "Team women chess final 2018"]
[Site "Sochi"]
[Date "2018.05.08"]
[Round "7.2"]
[White "Mironenko, Galina"]
[Black "Trapeznikova, Darya"]
[Result "0-1"]
[WhiteElo "2007"]
[BlackElo "2087"]
[PlyCount "102"]
[EventDate "2018.05.01"]

1. d4 Nf6 2. g3 g6 3. Bg2 Bg7 4. Nf3 d6 5. O-O O-O 6. c4 Nc6 7. Nc3 Rb8 8. e3
a6 9. Qc2 Bf5 10. e4 Bg4 11. Be3 Nd7 12. Qd2 e5 13. d5 Bxf3 14. Bxf3 Nd4 15.
Bg2 c5 16. dxc6 bxc6 17. Rab1 Nc5 18. b4 Nce6 19. Bxd4 exd4 20. Ne2 c5 21. a3
Qe7 22. Rfe1 Kh8 23. f4 f5 24. exf5 gxf5 25. Nc1 Qd7 26. Nd3 Rfc8 27. Qe2 Nf8
28. bxc5 Rxb1 29. Rxb1 dxc5 30. Rb7 Rc7 31. Ne5 Qe7 32. Rb8 Qd6 33. Qh5 d3 34.
Rb3 Bxe5 35. fxe5 Qd4+ 36. Kf1 d2 37. Qd1 Qxc4+ 38. Kg1 Rd7 39. Rb8 Kg7 40. Rb1
Qd3 41. Bf3 c4 42. Qf1 c3 43. Qxd3 Rxd3 44. Bd1 Re3 45. Rb7+ Kh6 46. Rb6+ Ng6
47. e6 Re1+ 48. Kf2 Rxd1 49. e7 Re1 50. Rd6 Rxe7 51. h3 c2 0-1

[Event "Team women chess final 2018"]
[Site "Sochi"]
[Date "2018.05.08"]
[Round "7.3"]
[White "Chan, Naruna"]
[Black "Mukhina, Jana"]
[Result "0-1"]
[WhiteElo "1927"]
[BlackElo "2041"]
[PlyCount "34"]
[EventDate "2018.05.01"]

1. e4 e5 2. Nf3 Nc6 3. Bc4 Bc5 4. O-O Nf6 5. d3 O-O 6. c3 d5 7. exd5 Nxd5 8. b4
Be7 9. Qc2 Bf6 10. Nbd2 Ndxb4 11. cxb4 e4 12. Rb1 exf3 13. Nxf3 Bg4 14. Nd2 Nd4
15. Qa4 Ne2+ 16. Kh1 Nc3 17. Qb3 b5 0-1

[Event "Team women chess final 2018"]
[Site "Sochi"]
[Date "2018.05.08"]
[Round "7.4"]
[White "Nasybullina, Dayana"]
[Black "Azimova, Karina"]
[Result "0-1"]
[WhiteElo "1801"]
[BlackElo "2059"]
[PlyCount "70"]
[EventDate "2018.05.01"]

1. c4 Nf6 2. Nc3 e6 3. g3 d5 4. cxd5 exd5 5. d4 c6 6. Bg2 Bd6 7. Nf3 O-O 8. O-O
Re8 9. Bg5 h6 10. Bf4 Bf8 11. Re1 Bf5 12. Qb3 Qb6 13. Qxb6 axb6 14. h3 Nbd7 15.
g4 Bh7 16. e3 Bb4 17. Rec1 b5 18. Ne5 Nxe5 19. Bxe5 Nd7 20. Bg3 Nb6 21. Bf1
Rec8 22. f3 Re8 23. Kf2 Na4 24. Nxa4 Rxa4 25. Ke2 Rea8 26. a3 Be7 27. Kd2 b4
28. Ra2 bxa3 29. b3 Rb4 30. Kc3 Rb6 31. e4 dxe4 32. Bc7 Rb4 33. fxe4 c5 34. Bc4
cxd4+ 35. Kxd4 b5 0-1

[Event "Team women chess final 2018"]
[Site "Sochi"]
[Date "2018.05.09"]
[Round "8.1"]
[White "Bivol, Alina"]
[Black "Suslova, Alena"]
[Result "1-0"]
[WhiteElo "2327"]
[BlackElo "2153"]
[PlyCount "113"]
[EventDate "2018.05.01"]

1. e4 c5 2. Nf3 d6 3. d4 cxd4 4. Nxd4 Nf6 5. Nc3 g6 6. f3 Bg7 7. Be3 a6 8. g4
b5 9. a4 b4 10. Na2 a5 11. Bb5+ Bd7 12. c3 bxc3 13. Nxc3 O-O 14. Qd2 Bxg4 15.
fxg4 Nxg4 16. O-O-O Nxe3 17. Qxe3 e6 18. Kb1 Qe7 19. Rd3 Rc8 20. Rhd1 Bf8 21.
Nce2 Na6 22. Bxa6 Rxa6 23. Nb5 Rd8 24. Rc3 Bg7 25. Rc7 Qf6 26. Nec3 d5 27. exd5
exd5 28. Qd3 Qe5 29. Rc5 Qxh2 30. Rxd5 Rf8 31. Rd8 Ra8 32. Rxa8 Rxa8 33. Rd2
Qf4 34. Re2 h5 35. Qd5 Rf8 36. Ka2 Kh7 37. Qc5 Kh6 38. Rf2 Qe5 39. Nd5 f5 40.
Qc1+ g5 41. Qc6+ Kh7 42. Nbc3 f4 43. Re2 Qf5 44. Ne7 Qf7+ 45. Ncd5 f3 46. Qc2+
Kh6 47. Qc6+ Kh7 48. Qc2+ Kh6 49. Re3 g4 50. Rb3 f2 51. Qc1+ Kh7 52. Qb1+ Kh6
53. Rb6+ Kg5 54. Qc1+ Kh4 55. Qh1+ Kg5 56. Rg6+ Qxg6 57. Qc1+ 1-0

[Event "Team women chess final 2018"]
[Site "Sochi"]
[Date "2018.05.09"]
[Round "8.2"]
[White "Filippova, Darya"]
[Black "Lysenko, Margarita"]
[Result "1-0"]
[WhiteElo "1955"]
[BlackElo "2220"]
[PlyCount "81"]
[EventDate "2018.05.01"]

1. d4 Nf6 2. c4 g6 3. Nc3 Bg7 4. e4 d6 5. Nge2 O-O 6. Ng3 Nc6 7. d5 Ne5 8. Be2
c6 9. O-O Qc7 10. h3 cxd5 11. Nb5 Qd8 12. cxd5 a6 13. Nd4 Ned7 14. Be3 Nc5 15.
f3 a5 16. Qd2 Bd7 17. Rab1 e6 18. dxe6 Nxe6 19. Rbd1 Nxd4 20. Bxd4 Be6 21. b3
Qe7 22. f4 Rfe8 23. Bf3 a4 24. Qb2 axb3 25. axb3 Red8 26. f5 Bd7 27. Be2 Rf8
28. Bc4 Kh8 29. e5 dxe5 30. Bxe5 Bc6 31. Rfe1 Rad8 32. Rxd8 Qxd8 33. b4 b5 34.
Bb3 Ne8 35. Bxg7+ Nxg7 36. f6 Ne8 37. Re7 Qd6 38. Bxf7 Nxf6 39. Re6 Qd1+ 40.
Kh2 Rxf7 41. Rxf6 1-0

[Event "Team women chess final 2018"]
[Site "Sochi"]
[Date "2018.05.09"]
[Round "8.3"]
[White "Kryukova, Irina"]
[Black "Nasybullina, Alfia"]
[Result "1-0"]
[WhiteElo "2261"]
[BlackElo "2140"]
[PlyCount "107"]
[EventDate "2018.05.01"]

1. e4 e6 2. d4 d5 3. Bd3 dxe4 4. Bxe4 Nf6 5. Bf3 c5 6. Ne2 Nc6 7. Be3 cxd4 8.
Nxd4 Ne5 9. Nc3 Bb4 10. Ndb5 Nxf3+ 11. Qxf3 O-O 12. a3 Bxc3+ 13. Nxc3 Nd5 14.
O-O-O Qc7 15. Nxd5 exd5 16. Qxd5 Be6 17. Qc5 Qxc5 18. Bxc5 Rfc8 19. Be3 b5 20.
Rd4 a5 21. Rhd1 h6 22. Kb1 Kh7 23. g4 Rc4 24. Rxc4 Bxc4 25. b3 Be6 26. Rd4 a4
27. Kb2 Kg8 28. Rb4 Bd7 29. h3 axb3 30. cxb3 Kf8 31. Bc5+ Kg8 32. Rd4 Be8 33.
Kc3 f6 34. Kb4 Rb8 35. Rd6 Kf7 36. f4 Rb7 37. Rd8 f5 38. gxf5 Rd7 39. Rxd7+
Bxd7 40. Bd4 h5 41. h4 Kf8 42. f6 gxf6 43. Bxf6 Kf7 44. Bd8 Ke6 45. a4 bxa4 46.
bxa4 Kd5 47. a5 Kc6 48. a6 Bg4 49. Ka5 Bf5 50. Bb6 Bd3 51. a7 Kb7 52. Kb4 Be4
53. Kc5 Ka6 54. f5 1-0

[Event "Team women chess final 2018"]
[Site "Sochi"]
[Date "2018.05.09"]
[Round "8.4"]
[White "Mamontova, Anastasia"]
[Black "Selifonova, Aleksandra"]
[Result "0-1"]
[WhiteElo "2051"]
[BlackElo "1890"]
[PlyCount "88"]
[EventDate "2018.05.01"]

1. d4 d5 2. c4 dxc4 3. e3 e5 4. Nf3 exd4 5. exd4 Bd6 6. Bxc4 Nf6 7. O-O O-O 8.
Bg5 h6 9. Bh4 Nc6 10. d5 Ne5 11. Nxe5 Bxe5 12. Nc3 Qd6 13. Bg3 Bxg3 14. hxg3 b6
15. Qc2 Bg4 16. Ne4 Nxe4 17. Qxe4 Bh5 18. Rfe1 Bg6 19. Qf3 Rad8 20. Re3 Qb4 21.
Bb3 Rfe8 22. Rc1 Re7 23. Qf4 Qxf4 24. gxf4 Rdd7 25. g4 Rxe3 26. fxe3 Be4 27.
Rd1 Bf3 28. Rd4 Bxg4 29. e4 Kf8 30. Kf2 Ke7 31. e5 Bf5 32. Ke3 h5 33. Rd2 h4
34. Ba4 Rd8 35. Kd4 Be6 36. Ke4 f5+ 37. exf6+ Kxf6 38. Bb3 Bg4 39. Rg2 Re8+ 40.
Kd4 Kf5 41. Rf2 Re4+ 42. Kc3 Rxf4 43. d6 cxd6 44. Be6+ Kg5 0-1

[Event "Team women chess final 2018"]
[Site "Sochi"]
[Date "2018.05.09"]
[Round "8.1"]
[White "Ambartsumova, Karina"]
[Black "Pogorelskikh, Sofia"]
[Result "1-0"]
[WhiteElo "2375"]
[BlackElo "2053"]
[PlyCount "75"]
[EventDate "2018.05.01"]

1. d4 Nf6 2. Nf3 g6 3. c4 Bg7 4. Nc3 O-O 5. Bg5 c5 6. d5 h6 7. Bh4 d6 8. e3 g5
9. Bg3 Nh5 10. Bd3 e6 11. dxe6 f5 12. Nd2 Nxg3 13. hxg3 Bxe6 14. Qc2 Nc6 15. a3
Qf6 16. O-O-O Rad8 17. f4 g4 18. Nb3 Qf7 19. Nd5 a5 20. Nb6 Qc7 21. Na4 Qf7 22.
Nd2 Qc7 23. Nc3 Ne7 24. Rh5 Bf7 25. Rhh1 Be6 26. Rde1 Qd7 27. e4 b6 28. Nd5
fxe4 29. Nxe7+ Qxe7 30. Nxe4 Qd7 31. Ng5 Rde8 32. Bh7+ Kh8 33. Bg6 Re7 34. Bf7
Bf5 35. Rxe7 Qxe7 36. Qxf5 Bxb2+ 37. Kxb2 Qe2+ 38. Kb1 1-0

[Event "Team women chess final 2018"]
[Site "Sochi"]
[Date "2018.05.09"]
[Round "8.2"]
[White "Gutkovich, Polina"]
[Black "Nebolsina, Vera"]
[Result "0-1"]
[WhiteElo "2057"]
[BlackElo "2218"]
[PlyCount "78"]
[EventDate "2018.05.01"]

1. d4 Nf6 2. c4 g6 3. Nc3 Bg7 4. Nf3 d6 5. Bg5 h6 6. Bh4 Nc6 7. e3 O-O 8. h3
Qe8 9. Bxf6 exf6 10. Bd3 f5 11. Nd5 Qd8 12. a3 Ne7 13. Rc1 c5 14. O-O Nxd5 15.
cxd5 b6 16. b4 Bb7 17. Qb3 Rc8 18. Rfd1 cxb4 19. axb4 Rxc1 20. Rxc1 Qa8 21. Bc4
b5 22. Bxb5 Bxd5 23. Qa4 Bxf3 24. gxf3 Qxf3 25. Bf1 f4 26. Qc6 Qh5 27. Bg2 fxe3
28. fxe3 Qe2 29. Rc3 Bf6 30. Kh2 Bh4 31. Qf3 Qe1 32. Ra3 Bf2 33. h4 Re8 34. b5
Bxe3 35. Qf6 Qg1+ 36. Kh3 Bxd4 37. Qxd6 Be5 38. Qc6 Qh2+ 39. Kg4 Qf4+ 0-1

[Event "Team women chess final 2018"]
[Site "Sochi"]
[Date "2018.05.09"]
[Round "8.3"]
[White "Markelova, Lubov"]
[Black "Makarova, Darya"]
[Result "1-0"]
[WhiteElo "2127"]
[BlackElo "1892"]
[PlyCount "83"]
[EventDate "2018.05.01"]

1. Nf3 d5 2. d4 Nf6 3. c4 e6 4. e3 c6 5. b3 Nbd7 6. Bd3 Bd6 7. Bb2 O-O 8. O-O
Re8 9. Ne5 Ne4 10. Qc2 Bxe5 11. dxe5 Ndc5 12. Be2 Nd7 13. b4 f5 14. f3 Ng5 15.
Nd2 b6 16. cxd5 cxd5 17. f4 Ne4 18. Nxe4 fxe4 19. Rac1 a5 20. f5 exf5 21. Qc6
Ra7 22. Qxd5+ Kh8 23. Bb5 Nf8 24. Rfd1 Qxd5 25. Rxd5 Bd7 26. Bxd7 Rxd7 27. Rxd7
Nxd7 28. Rc7 Rd8 29. e6 Nf6 30. Bxf6 gxf6 31. b5 Kg8 32. Rb7 Re8 33. Rxb6 Kf8
34. Ra6 Ke7 35. Rxa5 Kxe6 36. b6 Rb8 37. Rb5 f4 38. exf4 f5 39. Kf2 Kd6 40. a4
Kc6 41. Rxf5 Kxb6 42. Rb5+ 1-0

[Event "Team women chess final 2018"]
[Site "Sochi"]
[Date "2018.05.09"]
[Round "8.4"]
[White "Kalashnikova, Elena"]
[Black "Bulatova, Kamaliya"]
[Result "1-0"]
[WhiteElo "1785"]
[BlackElo "2121"]
[PlyCount "71"]
[EventDate "2018.05.01"]

1. e4 c5 2. Nf3 d6 3. d4 cxd4 4. Nxd4 Nf6 5. Nc3 a6 6. Be3 e5 7. Nf3 Qc7 8. Qd2
b5 9. O-O-O Bb7 10. Nd5 Nxd5 11. exd5 Nd7 12. Qd3 Rc8 13. Qb3 Nf6 14. Ne1 Be7
15. Be2 O-O 16. g4 Qa5 17. g5 Ne4 18. h4 Nc5 19. Bxc5 Rxc5 20. Kb1 Rfc8 21. a3
Qb6 22. Rg1 a5 23. h5 a4 24. Qf3 b4 25. axb4 a3 26. g6 Bf6 27. gxh7+ Kh8 28. h6
e4 29. hxg7+ Bxg7 30. Qg3 a2+ 31. Kxa2 Ra5+ 32. Kb1 Ra1+ 33. Kxa1 Bxb2+ 34.
Kxb2 Qxb4+ 35. Kc1 Qc3 36. Qg8+ 1-0

[Event "Team women chess final 2018"]
[Site "Sochi"]
[Date "2018.05.09"]
[Round "8.1"]
[White "Yakimenko, Viktoria"]
[Black "Drozdova, Dina"]
[Result "1/2-1/2"]
[WhiteElo "2048"]
[BlackElo "2186"]
[PlyCount "120"]
[EventDate "2018.05.01"]
[WhiteTeam "Аудиторская компания "]

1. e4 d6 2. d4 Nf6 3. Nc3 e5 4. Nge2 Be7 5. g3 h5 6. h3 Nbd7 7. Be3 c6 8. a4
Nf8 9. Bg2 Ng6 10. Qd2 Bd7 11. b3 Qc7 12. f3 Rd8 13. Rd1 a6 14. O-O h4 15. g4
O-O 16. Rf2 c5 17. d5 b5 18. Ra1 Rb8 19. Bf1 Rfc8 20. Qe1 Nh7 21. a5 Qd8 22.
Nd1 Bf6 23. Nb2 Ng5 24. Qc1 Qe7 25. Kh1 Nh7 26. Ra2 Bg5 27. Bxg5 Nxg5 28. c3
Qf6 29. Kg2 Nf8 30. Qe3 Nfh7 31. Kh1 Qe7 32. Bg2 Rf8 33. Ra1 Rbe8 34. Raf1 g6
35. f4 exf4 36. Rxf4 f6 37. Qd2 f5 38. gxf5 gxf5 39. Rg1 Kh8 40. Qe1 Nxe4 41.
Bxe4 fxe4 42. Rxh4 Rg8 43. Nf4 Bf5 44. Rxg8+ Rxg8 45. Nd1 e3 46. Nxe3 Re8 47.
Nfg2 Be4 48. Qg3 Qe5 49. Kh2 Bxg2 50. Nxg2 Qxd5 51. Qg6 Re7 52. Rg4 Qe5+ 53.
Nf4 Rg7 54. Qxg7+ Qxg7 55. Rxg7 Kxg7 56. Ne6+ Kf6 57. Nc7 Ke7 58. Nd5+ Ke6 59.
c4 bxc4 60. bxc4 Ng5 1/2-1/2

[Event "Team women chess final 2018"]
[Site "Sochi"]
[Date "2018.05.09"]
[Round "8.2"]
[White "Smirnova, Ekaterina"]
[Black "Porozhnyak, Maya"]
[Result "1-0"]
[WhiteElo "2149"]
[BlackElo "2021"]
[PlyCount "75"]
[EventDate "2018.05.01"]
[BlackTeam "Аудиторская компания "]

1. d4 Nf6 2. c4 c5 3. d5 e6 4. Nc3 exd5 5. cxd5 d6 6. e4 a6 7. f4 Qe7 8. Qe2
Bg4 9. Qe3 Bc8 10. a4 Ng4 11. Qg3 h5 12. Be2 g6 13. h3 h4 14. Qd3 Nf6 15. Nf3
Nh5 16. O-O Bg7 17. Re1 O-O 18. f5 Nd7 19. Bg5 Bf6 20. Bh6 Bg7 21. Bxg7 Kxg7
22. Qd2 Rh8 23. e5 Nxe5 24. Nxe5 dxe5 25. d6 Qd8 26. fxg6 fxg6 27. Qd5 Qg5 28.
Bxh5 Bxh3 29. Qxe5+ Qxe5 30. Rxe5 Bf5 31. Bf3 Rad8 32. Rd1 c4 33. Re7+ Kh6 34.
Rd4 g5 35. Rxb7 Rhe8 36. Re7 Rf8 37. d7 Bd3 38. Rd6+ 1-0

[Event "Team women chess final 2018"]
[Site "Sochi"]
[Date "2018.05.09"]
[Round "8.3"]
[White "Yakimenko, Anastasia"]
[Black "Tomashevskaya, Lidia"]
[Result "1-0"]
[WhiteElo "2013"]
[BlackElo "2146"]
[PlyCount "53"]
[EventDate "2018.05.01"]
[WhiteTeam "Аудиторская компания "]

1. Nf3 Nf6 2. g3 d5 3. Bg2 e6 4. d4 Be7 5. O-O O-O 6. c4 b6 7. Nc3 Bb7 8. Bg5
h6 9. Bxf6 Bxf6 10. cxd5 exd5 11. Rc1 Re8 12. b4 a6 13. a4 Nc6 14. b5 Na5 15.
e3 Qd7 16. Ne1 axb5 17. axb5 Be7 18. Nd3 Ba3 19. Rc2 g5 20. Ne5 Qe6 21. Qh5 Bf8
22. f4 f6 23. f5 Qe7 24. Nxd5 Qg7 25. Rxc7 Be7 26. Ng6 Bxd5 27. Bxd5+ 1-0